00594nam a22001817a 450000500170000001000150001702000260003203500140005803700130007208200150008524501320010026000400023227000440027230000260031650000190034270000240036170000270038520230201144304.0 aENG-116682 a9788184845280c850.00 aEN-100214 bDBAD/PUB a305.420954 aDr. B.R. Ambedkar on women empowerment :bcontemporary relevance/cedited by Satyendra Prajapati [and] Satyendra Narayan Singh aNew DelhibRegal Publicationsc2016 aF-159 Rajouri GardenbNew Delhie110027 axxii,172p. c23cm(Hb) aIncludes index aSatyendra Prajapati aSatendra Narayan Singh